Rubber out-grower scheme: Advantage smallholders (Record no. 67852)

MARC details
000 -LEADER
fixed length control field 00586nam a2200145Ia 4500
100 ## - MAIN ENTRY--AUTHOR NAME
Personal name Yogaratnam N
245 #0 - TITLE STATEMENT
Title Rubber out-grower scheme: Advantage smallholders
260 ## - PUBLICATION, DISTRIBUTION, ETC. (IMPRINT)
Name of publisher Rubber Asia
Year of publication 2013
300 ## - PHYSICAL DESCRIPTION
Number of Pages 96-106
520 ## - SUMMARY, ETC.
Summary, etc Rubber out-grower scheme, a contractual partnership between growers and a company for the commercial production of rubber in which inputs, costs, risks and benefits are shared by both, may offer growers a wider range of benefits
650 ## - SUBJECT ADDED ENTRY--TOPICAL TERM
Topical Term Extension service
650 ## - SUBJECT ADDED ENTRY--TOPICAL TERM
Topical Term Smallholders
942 ## - ADDED ENTRY ELEMENTS (KOHA)
Koha item type Journals
Holdings
Withdrawn status Lost status Damaged status Not for loan Home library Current library Shelving location Date acquired Serial Enumeration / chronology Koha item type
      Journals RRII Library RRII Library Rubber general 01/01/2021 Volume 28, Issue 3 Journals